Tuberculose (It 159) - Statistiques

Statistiques générales
  • Ce quiz a été pris 6 fois
  • Le résultat moyen est 8 sur 15
Statistiques - réponses
Hint Réponse % Correct
Citer un des symptômes de la tuberculose. Toux prolongée avec expectoration, asthénie, dyspnée, fièvre vespérale, sueurs noctures
100%
Comment se transmet la tuberculose ? Transmission aérienne interhumaine
100%
Quel est la durée d'incubation moyenne de la tuberculose ? 2 mois (1 à 3 mois)
80%
A quelle localisation secondaire correspond "le mal de Pott" ? Osseuse (spondylodiscite)
80%
Quelle est la proportion de la mortalité en cas d'infection tuberculeuse non traitée ? 50%
60%
Pourquoi une multitérapie est elle obligatoire dans le traitement de la tuberculose maladie ? Apparition de résistance bactérienne fréquente
60%
Quel est le nom du vaccin contre la tuberculose ? Bacille de Calmette et Guerin
60%
Quel est l'autre nom de tuberculum tuberculosis ? Bacille de Koch
60%
Dans quel département métropolitain son incidence est elle la plus élevée ? Ile de France
60%
Quelle proportion des patients exposés à un inoculum de tuberculose développeront une infection ? 1/3
40%
Quel médicament faisant partie de la quadrithérapie anti-tuberculeuse colore les liquides biologiques en orange ? Rifampicine
40%
Quelle est l'incidence de la tuberculose en France ? 5000 Cas par an
20%
Quelle particularité histologique est pathognomonique de la tuberculose maladie ? Granulome épidermoïde à nécrose caséeuse
20%
Citer un des facteur de risque d'infection à la tuberculose. Immunodépression, dénutrion, faible niveau socio-économique
20%
Quelle localisation secondaire nécessite une durée de traitement prolongé à 12 mois ? Neuroméningée
20%
Aucun quiz correspondant
Distribution des résultats
% des personnes avec chaque résultat
Percentile par nombre de réponses
Votre historique - résultats
Vous n’avez pas pris ce quiz